000 01555nam a22004457a 4500
003 CHAP
005 20220817044135.0
008 061130d2001 ce bd r 00110 eng d
010 _a93106
011 _a94078
020 _a9290904178
035 _a104662
040 _cCHAP
090 _aFolleto 17174
100 0 0 _aKite, Geoff.
_963391
245 1 0 _aModeling scenarios for water allocation in the Gediz basin, Turkey
_c/by Geoff Kite [and others]
260 _aColombo, Sri Lanka :
_bInetrnational Water Management Institute,
_c2001
300 _a29 p. :
_bgráfs. ; mapas ; tablas
410 2 1 _aInternational Water Management Institute
490 0 _aResearch report
_v; 50
590 _aBATCH-UPD
_b10
_c20130110
_lUCH01
_h0504
590 _aBATCH-UPD
_b10
_c20130110
_lUCH01
_h2232
590 _aBATCH-UPD
_b10
_c20130410
_lUCH01
_h0142
590 _aBATCH-UPD
_b10
_c20130914
_lUCH01
_h0306
590 _aBATCH-UPD
_b10
_c20141001
_lUCH01
_h1313
590 _aCONVERSION
_b10
_c20130109
_lUCH01
_h1352
650 1 4 _aAgua para irrigacion.
_92430
650 1 4 _aAgua
_xAbastecimiento.
_92223
650 1 4 _aAgua
_xUtilización.
_92401
650 1 4 _aCultivos
_xIrrigación.
_930287
650 1 4 _aHidrología.
_955257
650 1 4 _aMedio ambiente
_xProtección.
_974106
650 1 4 _aToma de decisiones.
_9113662
810 0 0 _aInternational Water Management Institute
830 0 _aResearch report
_v; 50
_996080
901 _aBK
905 _aMarco A. Mendoza T.
942 _cFOLL
949 _aFolleto 17174
_bBC
_cFOLL
_d33724002008785
_eTS1
_i104662
_sb
999 _c93106
_d93106